000 00462nab a2200145 4500
003 ES-SlBCS
005 20210717170727.0
008 160706s2016 sp ||||| |||| 00| 0 spa d
040 _aES-SlBCS
_bspa
100 1 _aGarcía, Loli
_9328688
245 1 0 _aEvaluación diagnóstica de nuestra situación y de nuestros centros
_cLoli García
650 0 0 _aEvaluación
_9136975
773 0 _gNº 258, 2016, págs. 40-52
_tEducadores
_wRev370
_x0013-1113
942 _2lcc
_cAR
999 _c858070
_d858070